000 01885cam a2200289 4500
001 ##L135928
008 061218n2006 000 0 eng u
022 _a1748-9342
035 _a(Sirsi) u135928
041 0 _aeng
050 0 4 _a333.00711 $2 18
110 2 _aRoyal Institution of Chartered Surveyors
_94900
245 0 0 _aElevate surveying
_byour path to a great career
_b2006-07
_h[electronic resource]
260 _aLondon
_bProperty Week
_c2006
300 _a146p.
_bill.
_c22cm.
505 1 _aPutting the value on a career in surveying -- Summary of the 17 specialisms - Successful candidates: things applicants should know -- Essential gadgets for a cutting-edge operator -- How to catch that employer's eye -- Pay, perks and conditions - Steve Redgrave: multiple gold-medalist and surveyors' champion --The Roundhouse: project diary of the famous London venue -- History: the origins and evolution of our modern profession -- London 2012 Olympics: the surveyors inspiring the dream -- The benefits and advantages of joining RICS -- APC and ATC: tips on how to qualify -- The faculties explained, plus case studies -- Guidance on choosing your degree - School-leavers: an early-starters path into surveying
520 _aA surveying careers guide providing features, advice, career tips and high flyer profiles. Also includes showcases from major graduate recruiters.
520 _aSuperseded by third edition (L140954).
590 _aKA
650 2 4 _aOLYMPIC GAMES 2012
690 _aCAREERS, EDUCATION AND TRAINING
690 _aCAREERS, EDUCATION AND TRAINING-QUALIFICATION ROUTES-ASSESSMENT OF PROFESSIONAL COMPETENCE
710 2 _aProperty Week
_91549
710 2 _aBuilding
_91694
856 4 0 _uhttps://www.rics.org/Careerseducationandtraining/Careersinsurveying/oncourse/JobHelp/elevate.htm
_zView the guide free of charge at www.rics.org...
942 _n0
999 _c106249
_d106249